A guide to the elements / (Record no. 18529)
[ view plain ]
| 000 -LEADER | |
|---|---|
| fixed length control field | 00718cam a2200217 a 4500 |
| 020 ## - INTERNATIONAL STANDARD BOOK NUMBER | |
| ISBN | 0195080831 |
| 020 ## - INTERNATIONAL STANDARD BOOK NUMBER | |
| ISBN | 0195127080 |
| 040 ## - CATALOGING SOURCE | |
| Transcribing agency | DLC |
| 082 00 - DEWEY DECIMAL CLASSIFICATION NUMBER | |
| Classification number | 546 OUP 1998 C147 Or. |
| 100 1# - MAIN ENTRY--AUTHOR NAME | |
| Personal name | Stwertka, Albert. |
| 245 12 - TITLE STATEMENT | |
| Title | A guide to the elements / |
| 246 30 - VARYING FORM OF TITLE | |
| Title proper/short title | Elements |
| 250 ## - EDITION STATEMENT | |
| Edition statement | Rev. ed. |
| 260 ## - PUBLICATION, DISTRIBUTION, ETC. (IMPRINT) | |
| Place of publication | New York : |
| Name of publisher | Oxford University Press, |
| Year of publication | c1998. |
| 300 ## - PHYSICAL DESCRIPTION | |
| Number of Pages | 238 p. : |
| Other physical details | ill. (some col.) ; |
| Dimensions | 26 cm. |
| 500 ## - GENERAL NOTE | |
| General note | At head of title: Oxford. |
| 520 ## - SUMMARY, ETC. | |
| Summary, etc | Presents the basic concepts of chemistry and explains complex theories before offering a separate article on each of the building blocks that make up the universe. |
| 650 #0 - SUBJECT ADDED ENTRY--TOPICAL TERM | |
| Topical Term | Chemical elements |
| 650 #0 - SUBJECT ADDED ENTRY--TOPICAL TERM | |
| Topical Term | Periodic law |
| 942 ## - ADDED ENTRY ELEMENTS (KOHA) | |
| Koha item type | ADB |
| 952 ## - LOCATION AND ITEM INFORMATION (KOHA) | |
| Withdrawn status [LOCAL, KOHA] | 0 |
| Source of acquisition | Permanent Location | Date acquired | Koha item type | Lost status | Shelving location | Current Location | Full call number |
|---|---|---|---|---|---|---|---|
| A35972 | Library Block C | 2019-12-17 | សៀវភៅភាសាអង់គ្លេស | C147 | Library Block C | 546 OUP 1998 C147 Or. |